Jedes Schulfach eine Frage - D - Statistiken

Allgemein
  • Dieses Quiz wurde 450 mal gespielt
  • Das Durchschnittsergebnis liegt bei 11 aus 17
Antwortstatistiken
Schulfach Frage Antwort % Korrekt
Biologie Riesige, ausgestorbene Tiere, die vor Millionen von Jahren die Erde dominierten Dinosaurier
97%
Englisch "Drache" auf Englisch dragon
97%
Mathematik Rechnung, in welcher man teilt, z. B. 18 : 2 Division
94%
Deutsch Der "3. Fall" Dativ
93%
Kunst Künstler, der die Mona Lisa malte Leonardo da Vinci
86%
Erdkunde Staat, zu welchem die größte Insel der Welt gehört Dänemark
80%
Geschichte Bedeutender Naturwissenschaftler, der als Begründer der Evolutionstheorie gilt Charles Darwin
75%
Sport Olympische Disziplin der Leichtathletik, bei welcher eine kreisrunde Scheibe möglichst weit zu werfen ist Diskuswurf
74%
Politik Staatsform, in welcher eine Person oder eine bestimmte Gruppe (Partei, Familie, etc.) weitreichende bis uneingeschränkte Macht besitzt Diktatur
72%
Religion Religiöses Symbol, welches häufig das Judentum symbolisiert und unter anderem auch als Siegel Salomons bezeichnet wurde Davidstern
66%
Musik Song von Luis Fonsi und Daddy Yankee, dessen Musikvideo das zweitmeistgeklickte Video auf ganz YouTube ist Despacito
57%
Latein "Gott" auf Lateinisch deus
52%
Französisch Französisch für "in" dans
45%
Informatik Peer-to-Peer-Overlay-Netzwerk, welches gegenüber des allgemeinen Internets durch spezielle Maßnahmen abgeschirmt ist, und welches häufig als Möglichkeit verwendet wird, kriminelle Machenschaften zu verschleiern Darknet
41%
Physik Wirkung einer Kraft, die senkrecht auf einen Körper einwirkt Druck
36%
Chemie Chemisch korrekter, aber meist ironisch verwendeter Begriff für Wasser Dihydrogenmonoxid
4%
Philosophie Philosoph, der die Vermutung aufstellte, dass die gesamte Welt aus ganz kleinen, unzertrennbaren Teilchen bestände, den Atomen Demokrit
3%
Keine übereinstimmenden Quizze gefunden
Verteilung der Resultate
Anzahl Personen mit jedem Resultat
Perzentil nach korrekt beantworteten Fragen
Ihre Resultats-Entwicklung
Sie haben dieses Quiz noch nicht gespielt